Cities with the most hotels - Statistics

General Stats
  • This quiz has been taken 146 times
  • The average score is 23 of 30
Answer Stats
Hotel/hostel numbers Country City % Correct
1793 United Kingdom London
98%
1984 France Paris
98%
4169 China Beijing
97%
3127 Italy Rome
97%
2756 China Shanghai
97%
1081 Spain Barcelona
96%
891 Japan Tokyo
96%
805 Spain Madrid
95%
1002 Thailand Bangkok
94%
1139 Turkey Istanbul
94%
1101 Czech Republic Prague
92%
976 Germany Berlin
91%
999 India Delhi
91%
1024 Italy Venice
90%
934 South Africa Cape Town
87%
848 Argentina Buenos Aires
86%
1611 China Guangzhou
79%
994 Italy Florence
74%
1330 Morocco Marrakech
74%
1059 China Xi'an
72%
953 China Wuhan
66%
1227 China Shenzhen
63%
1218 China Chengdu
57%
818 China Chongqing
52%
770 India Bangalore
49%
1001 China Nanjing
49%
739 China Xiamen
48%
1280 China Hangzhou
45%
715 Thailand Chiang Mai
30%
703 China Qingdao
28%
No matching quizzes found
Score Distribution
Percent of People with Each Score
Percentile by Number Answered
Your Score History
You have not taken this quiz